| 000 | 01364cam a2200265 4500 | ||
|---|---|---|---|
| 001 | X121813 | ||
| 008 | 030331n2003 000 0 eng u | ||
| 035 | _a(Sirsi) u121813 | ||
| 100 | _aYoung, K. | ||
| 245 | _aFramework agreements in the public sector | ||
| 260 | _c2003 | ||
| 490 |
_aConstruction Law Bulletin _v March 2003, 15-17(3) |
||
| 520 | _aReviews the current position regarding the proposed EU directives for framework agreements. Under existing EC legislation, provision is made for procurement of works, supplies and services in water, energy, transport and telecommunication sectors to use framework agreements. However, in all other sectors these are not recognised by public sector bodies. In the future, the fact that a contractor, consultant or supplier has entered into a framework agreement will not necessarily mean that they will get a proportion of the awarders' contracts, or indeed any of them. However, the date when these new directives will come into force is not yet established. | ||
| 650 | _aBUILDING CONTRACTORS | ||
| 650 | _aCONSULTANTS | ||
| 650 | _aEC DIRECTIVES | ||
| 650 | _aDIRECTIVE 93/38/EEC | ||
| 650 | _aDIRECTIVE 93/36/EEC | ||
| 650 | _aDIRECTIVE 93/37/EEC | ||
| 650 | _aDIRECTIVE 92/50/EEC | ||
| 650 | _aEC LEGISLATION | ||
| 650 | _aFRAMEWORK AGREEMENTS | ||
| 690 |
_aProcurement _96260 |
||
| 942 | _n0 | ||
| 999 |
_c72391 _d72391 |
||